000
00270nam a2200121Ia 4500
008
191201s2012 xx 000 0 und d
100
_a
RAVCHANDRAN,D
245
0
_a
Programming with C++
260
_b
TMH
_c
2012
300
_a
843
650
_a
B.Tech(IT)
942
_2
ddc
_c
BK
999
_c
7121
_d
7121